Statistics for Top 25 Countries with the Oldest Population

Click here to take the quiz!

General Stats

  • This quiz has been taken 116 times
  • The average score is 20 of 25

Answer Stats

Average Age in YearsCountry% Correct
43.1Spain
97%
45.8Italy
94%
43.7Portugal
94%
47.7Japan
91%
42.5Switzerland
91%
47.4Germany
88%
44.2Slovenia
82%
44.9Andorra
82%
44.9Greece
82%
42.7Netherlands
82%
44.2Austria
82%
42.6Finland
79%
43.4Liechtenstein
79%
44Lithuania
79%
42.8Serbia
79%
44.7San Marino
79%
43Estonia
79%
41.9Denmark
76%
43.9Latvia
76%
42.7Hungary
74%
43Bulgaria
74%
43.3Croatia
74%
42.5Bosnia and Herzegovina
65%
42.4Canada
62%
53.8Monaco
50%

Score Distribution

Percentile by Number Answered

Percent of People with Each Score

Your Score History

You have not taken this quiz